Podunajský región

Guardado en:
Detalles Bibliográficos
Autor principal: Krnáčová, Paulína, 1983-
Formato: Capítulo de libro
Lenguaje:eslovaco
Materias:
Etiquetas: Agregar Etiqueta
Sin Etiquetas, Sea el primero en etiquetar este registro!

MARC

LEADER 00000nla a2200000 4500
001 0228847
005 20240502073752.0
041 0 |a slo 
044 |a SK 
245 1 0 |a Podunajský región  |c Paulína Krnáčová 
610 2 0 |a regióny 
610 2 0 |a Slovensko 
610 2 0 |a okresy 
610 2 0 |a história 
610 2 0 |a pamiatky 
610 2 0 |a kultúra 
610 2 0 |a priemysel 
610 2 0 |a poľnohospodárstvo 
610 2 0 |a jedlá 
610 2 0 |a propagácia 
100 1 |a Krnáčová, Paulína, 1983-